A teacher's package on the art of classroom questioning/ (Record no. 7654)

MARC details
000 -LEADER
fixed length control field 00542nam a22001697a 4500
003 - CONTROL NUMBER IDENTIFIER
control field OSt
005 - DATE AND TIME OF LATEST TRANSACTION
control field 20260121055001.0
008 - FIXED-LENGTH DATA ELEMENTS--GENERAL INFORMATION
fixed length control field 260121b |||||||| |||| 00| 0 eng d
020 ## - INTERNATIONAL STANDARD BOOK NUMBER
International Standard Book Number 971-791-507-5.
040 ## - CATALOGING SOURCE
Original cataloging agency DWC-Main lib.
Transcribing agency OC
082 ## - DEWEY DECIMAL CLASSIFICATION NUMBER
Classification number Fil. 371.102 Su724 2004
100 ## - MAIN ENTRY--PERSONAL NAME
Personal name Sunga, Nilda R.
245 ## - TITLE STATEMENT
Title A teacher's package on the art of classroom questioning/
Statement of responsibility, etc. Nilda R. Sunga
260 ## - PUBLICATION, DISTRIBUTION, ETC.
Place of publication, distribution, etc. Mandaluyong:
Name of publisher, distributor, etc. SIBS Publishing House, Inc.,
Date of publication, distribution, etc. c2004.
300 ## - PHYSICAL DESCRIPTION
Extent v, 246 pages :
Dimensions 22 centimeters.
942 ## - ADDED ENTRY ELEMENTS (KOHA)
Source of classification or shelving scheme Dewey Decimal Classification
Koha item type Book-Filipiniana
Classification part Fil.
Suppress in OPAC No
952 ## - LOCATION AND ITEM INFORMATION (KOHA)
--
952 ## - LOCATION AND ITEM INFORMATION (KOHA)
--
952 ## - LOCATION AND ITEM INFORMATION (KOHA)
--
952 ## - LOCATION AND ITEM INFORMATION (KOHA)
--
952 ## - LOCATION AND ITEM INFORMATION (KOHA)
--
952 ## - LOCATION AND ITEM INFORMATION (KOHA)
--
952 ## - LOCATION AND ITEM INFORMATION (KOHA)
--
952 ## - LOCATION AND ITEM INFORMATION (KOHA)
--
952 ## - LOCATION AND ITEM INFORMATION (KOHA)
--
952 ## - LOCATION AND ITEM INFORMATION (KOHA)
--
952 ## - LOCATION AND ITEM INFORMATION (KOHA)
--
Holdings
Withdrawn status Lost status Source of classification or shelving scheme Damaged status Not for loan Home library Current library Shelving location Date acquired Source of acquisition Cost, normal purchase price Total Checkouts Full call number Barcode Date last seen Copy number Price effective from Koha item type Uniform Resource Identifier
    Dewey Decimal Classification     College Library College Library Filipiniana 08/01/2004 School Fund 214.00   Fil. 371.102 Su724 2004 CL40836 01/21/2026 c1 01/21/2026 BK - FIL
    Dewey Decimal Classification     College Library College Library Filipiniana 01/21/2026   0.00   Fil. 371.102 Su724 2004 CL41257 01/21/2026 c2 01/21/2026 BK - FIL
    Dewey Decimal Classification     College Library College Library Filipiniana 11/12/2004   0.00   Fil. 371.102 Su724 2004 CL41258 01/21/2026 c3 01/21/2026 BK - FIL
    Dewey Decimal Classification     College Library College Library Filipiniana 11/12/2004   0.00   Fil. 371.102 Su724 2004 CL41259 01/21/2026 c4 01/21/2026 BK - FIL
    Dewey Decimal Classification     College Library College Library Filipiniana 11/12/2004   0.00   Fil. 371.102 Su724 2004 CL41260 01/21/2026 c5 01/21/2026 BK - FIL
    Dewey Decimal Classification     College Library College Library Filipiniana 11/12/2004   0.00   Fil. 371.102 Su724 2004 CL41261 01/21/2026 c6 01/21/2026 BK - FIL
    Dewey Decimal Classification     College Library College Library Filipiniana 05/27/2005 School Fund 0.00   Fil. 371.102 Su724 2004 CL41931 01/21/2026 c7 01/21/2026 BK - FIL
    Dewey Decimal Classification     College Library College Library Filipiniana 05/27/2005 School Fund 0.00   Fil. 371.102 Su724 2004 CL41932 01/21/2026 c8 01/21/2026 BK - FIL
    Dewey Decimal Classification     College Library College Library Filipiniana 05/27/2005 School Fund 0.00   Fil. 371.102 Su724 2004 CL41933 01/21/2026 c9 01/21/2026 BK - FIL
    Dewey Decimal Classification     College Library College Library Filipiniana 05/27/2005 School Fund 0.00   Fil. 371.102 Su724 2004 CL41934 01/21/2026 c10 01/21/2026 BK - FIL
    Dewey Decimal Classification     College Library College Library Filipiniana 05/27/2005 School Fund 0.00   Fil. 371.102 Su724 2004 CL41935 01/21/2026 c11 01/21/2026 BK - FIL